Biblioteca

Tratado de historia de las religiones (Registro nro. 32823)

Detalles MARC
000 -LÍDER
Campo fijo de descripción fija 01424nam a22002777a 4500
001 - NÚMERO DE CONTROL
Campo de control 1503
003 - IDENTIFICADOR DEL NÚMERO DE CONTROL
Campo de control CO-MdFUSB
005 - FECHA Y HORA DE LA ULTIMA TRANSACCIÓN
control field 20180622072715.0
008 - ELEMENTOS DE LONGITUD FIJA -- INFORMACIÓN GENERAL
Campo fijo de descripción fija -- Información general 170405t1981 s ||||| |||| 00| 0 s d
020 ## - NÚMERO INTERNACIONAL NORMALIZADO PARA LIBROS
Número Internacional Normalizado del libro 84-7057-295-4
040 ## - FUENTE DE CATALOGACIÓN
Agencia de catalogación original CO-MdFUSB
Idioma de catalogación spa
Agencia que realiza la transcripción CO-MdFUSB
Agencia que realiza la modificación CO-MdFUSBC
Convenciones de la descripción rda
041 0# - CÓDIGO DE IDIOMA
Código de idioma para texto/pista de sonido o título separado spa
082 04 - NÚMERO DE CLASIFICACIÓN DECIMAL DEWEY
Número de clasificación G 209 E421t
100 1# - ASIENTO PRINCIPAL--NOMBRE PERSONAL
Nombre personal Eliade, Mircea (1907-)
Término relacionador autor
245 10 - TÍTULO
Título del Material Tratado de historia de las religiones
Parte restante del título - Subtitulo : Morfología y dialéctica de lo sagrado
Mención de responsabilidad, etc. / Mircea Eliade; A. Medinaveitia, Traductor
250 ## - MENCIÓN DE EDICIÓN
Mención de edición 2
264 #4 - PRODUCCIÓN, PUBLICACIÓN, DISTRIBUCIÓN, MANUFACTURA, Y COPYRIGHT
Lugar de producción, publicación, distribución, manufactura Huesca, Madrid, España :
Nombre del productor, publicador, distribuidor Cristiandad
Fecha de producción, publicación, distribución, manufactura, o copyright ©1981
300 ## - DESCRIPCIÓN FÍSICA
Extensión 464 Pag.
336 ## - TIPO DE CONTENIDO
Fuente rdacontent
Término de tipo de contenido
Código de tipo de contenido
337 ## - TIPO DE MEDIO
Fuente rdamedia
Nombre del tipo de medio
Código del tipo de medio
338 ## - TIPO DE SOPORTE
Fuente rdacarrier
Nombre del tipo de soporte
Código Tipo de soporte
500 ## - NOTA GENERAL
Nota General Título original : Traité d'histoire des religions
505 00 - NOTA DE CONTENIDO
Nota de contenido con formato preestablecido Aproximaciones: estructura y morfología de lo sagrado -- el cielo: dioses uránicos, ritos y símbolos celestes -- el sol y los cultos solares -- la luna y la mística lunar -- las aguas y el simbolismo acuático -- las piedras sagradas: epifanías, signos y formas -- la tierra, la mujer y la fecundidad -- la vegetación. Símbolos y ritos de renovación -- la agricultura y cultos de la fertilidad -- el espacio sagrado: templo, palacio, "centro del mundo" -- el tiempo sagrado y el mito del eterno retorno -- morfología y función de los mitos -- estructura de los símbolos
650 #7 - ASIENTO SECUNDARIO DE MATERIA - TERMINO TEMÁTICO
Término temático o nombre geográfico como elemento de entrada Religiones
9 (RLIN) 386
942 ## - TIPO DE MATERIAL (KOHA)
Tipo de Item KOHA Libros General
Existencias
Estado de Material Estado de Perdido Estado de Dañado No para Préstamo Colección Tomo Biblioteca de Origen Biblioteca Permanente Fecha de Adquisición Total de Préstamos Signatura Topográfica Código de Barras Última vez visto Ejemplar/Existencia Fecha de Remplazo Tipo de Material
        Colección General   Biblioteca FUSBC Biblioteca FUSBC 20/10/2004   G 209 E421t 991 12/12/2019 1 26/01/2016 Libros General

Biblioteca FUSBC | Teléfono: (57+4) 349 88 10 Ext. 141| WhatsApp (+57) 3005338115 
E-mail: biblioteca@unisbc.edu.co | Calle 76 87-14 Robledo Palenque, Medellín, Colombia

Con tecnología Koha